Không trái tim ai ngừng đập trên đời Đặng Ngọc Khoa & Thơ

Đã lưu trong:
書目詳細資料
主要作者: Đặng Ngọc Khoa (Tác giả)
格式: 圖書
語言:Vietnamese
出版: H. Nxb. Thanh niên 2010
主題:
標簽: 添加標簽
沒有標簽, 成為第一個標記此記錄!
Thư viện lưu trữ: Mạng thư viện Đại học Đà Nẵng
LEADER 01102nam a2200337 4500
001 000006037
003 2191
005 20110830080802.0
008 110830s2010 viesd
020 |c 000đ 
041 0 |a vie 
082 |a 070  |b ĐAN 
100 0 |a Đặng Ngọc Khoa 
245 0 |a Không trái tim ai ngừng đập trên đời  |b Đặng Ngọc Khoa & Thơ  |c Đặng Ngọc Khoa 
260 |a H.  |b Nxb. Thanh niên  |c 2010 
300 |a 304 tr  |c 21 cm 
653 |a Văn học hiện đại 
653 |a Việt Nam 
653 |a Thơ 
700 |a Đặng Ngọc Khoa  |e Tác giả 
910 |a Nguyễn Thị Kim Oanh  |d 30/08/2011 
OWN |a LSP 
AVA |a UDN50  |b LSP  |d 070 ĐAN  |e available  |t Error 5001 Not defined in file expand_doc_bib_avail.  |f 10  |g 0  |h N  |i 0  |k 1 
999 |a From the UDN01 
AVA |a UDN50  |b LSP  |d 070 ĐAN  |e available  |t Error 5001 Not defined in file expand_doc_bib_avail.  |f 10  |g 0  |h N  |i 0  |k 1 
TYP |a Monograph 
TYP |a Printed language 
980 |a Mạng thư viện Đại học Đà Nẵng